00619nam a2200217Ia 4500003000900000008004100009040001300050040001300063041000800076100002200084245003600106250000900142260001000151260000900161300001100170300001000181490000600191942000700197999001700204952018000221IT-RoPAU120407s9999 xx 000 0 und d aIT-RoPAU cIT-RoPAU aita aArmando Rigobello aLegge morale e mondo della vita aRoma aAbete c1968 a370 p. c22 cm v1 cBK c33544d33544 00102ddc406170_90000000000000071aPAULUSbPAULUSd2012-04-11l0o170.9r2012-04-11 00:00:00w2012-04-11yBKzInserito da: In data: n.d. fondo: Via A.Severo 56 Progr:23961